Zwischen Anarchie und Absolutismus

Titel: Zwischen Anarchie und Absolutismus : Polens Weg im 17. und 18. Jahrhundert
Verfasser:
In: ˜Derœ Remter, Band 7 (1961), Seite 344-353
alle Artikel anzeigen
Veröffentlicht: 1961
Format: Aufsatz
Sprache: Deutsch
Kein Bild verfügbar
X
alg: 39161426
001A    $01999:11-11-16 
001B    $01999:29-03-21 $t21:45:36.000 
001D    $01999:11-11-16 
001U    $0utf8 
001X    $00 
002@    $0Aox 
003@    $0391614266 
007A    $0391614266 $aHEB 
007T    $0Herd76161 
010@    $ager 
011@    $a1961 
021A    $aZwischen Anarchie und Absolutismus $dPolens Weg im 17. und 18. Jahrhundert 
028A    $#Zernack, Nicolaus $7118988727 $8Zernack, Klaus$Z1931-2017 [Tp1] $908732900X 
031A    $d7 $h344-353 $j1961 
039B    $aIn $8--Abvc--. Der @Remter. - Stuttgart : Evang. Verl.-Werk, 1954-1961. - ISSN 0482-2145 $x196100000070000656 $9048012335 
045F    $a900.94380903 $eDDC23BSB 
045F/01 $a900 
045F/03 $f0903 
045F/03 $g438 

lok: 39161426 78

exp: 39161426 78 1 #EPN
201B/01 $019-04-17 $t10:18:05.000 
201U/01 $0utf8 
203@/01 $0787708763 
208@/01 $a11-11-16 $be 
209A/01 $a/ $f000 $x00 
220C/01 $aTitelaufnehmer: nk;kh 
220C/01 $aAnmerkung: NG 
244Z/01 $2Trx $#Poola $#Lenkija $#Polija $#Polen Land $#Poland $#Lengyelország $#Poľsko $#Polsko $8--Trx--Polska$gkraj $x01 $9391345966 
244Z/01 $aGeschichte 1600-1800 $x02 
244Z/01 $2Trx $8--Trx--Zeitschriftenaufsatz $x03 $9391384341 
245Z/01 $a06.03.01 $x01 
247C/01 $82080>Marburg/Lahn, Herder-Institut, Forschungsbibliothek, Bibliographieportal $9336309341
LEADER 00000caa a22000002c 4500
001 391614266
003 DE-603
005 20210329214536.0
007 tu
008 161111s1961 xx |||| | u00||u|ger c
035 |a (DE-599)HEB391614266 
040 |a DE-603  |b ger  |c DE-603  |d DE-603 
041 |a ger 
082 0 4 |8 1\u  |a 900.94380903  |q DE-101  |2 23/BSB 
085 |8 1\u  |b 900 
085 |8 1\u  |z 1  |s 0903 
085 |8 1\u  |z 2  |s 438 
100 1 |a Zernack, Klaus  |d 1931-2017  |0 (DE-603)08732900X  |0 (DE-588)118988727  |2 gnd 
245 0 0 |a Zwischen Anarchie und Absolutismus  |b Polens Weg im 17. und 18. Jahrhundert 
264 0 |c 1961 
773 0 8 |i In  |t ˜Derœ Remter  |d Stuttgart : Evang. Verl.-Werk, 1954-1961  |x 0482-2145  |g Band 7 (1961), Seite 344-353  |w (DE-603)048012335  |w (DE-600)748126-3 
924 0 |9 2080  |a (DE-603)787708763  |b DE-2080  |c HES  |d d  |g /